000 01085nam a22002057a 4500
005 20210325191705.0
008 s2540 th tha d
041 _atha
090 _aว PN4771.E5 ธ117ค 2540
100 0 _aธงชัย ณ นคร
245 1 0 _aความสัมพันธ์ระหว่างบทบาทของหนังสือพิมพ์รายวันต่อนโยบายการแก้ปัญหามลพิษทางอากาศในเขตกรุงเทพมหานคร
260 3 _aกรุงเทพฯ :
_bสถาบันพระปกเกล้า,
_c2540
300 _a67 หน้า :
_b ตาราง ;
_c 29 ซม.
650 0 4 _aมลพิษทางอากาศ -- ไทย -- กรุงเทพฯ -- ข่าว
650 0 4 _aหนังสือพิมพ์กับสิ่งแวดล้อม
850 _aNALT
942 _cRSH
997 _c000000000029253
_kVC
998 _aนางสาวสายฝน ดีงาม
999 _c29253
_d29253